El espacio de Einstein y el cielo de Van Gogh

Sparad:
Bibliografiska uppgifter
Huvudupphovsman: LeShan, Lawrence (Författare, medförfattare)
Övriga upphovsmän: Margenau, Henry (autor)
Materialtyp: Bok
Språk:spanska
Publicerad: Barcelona Gedisa 1985
Upplaga:1a. ed
Serie:Colección Límites de la Ciencia
Ämnen:
Taggar: Lägg till en tagg
Inga taggar, Lägg till första taggen!

MARC

LEADER 00000nam a2200000 a 4500
001 UCG1303
003 CL-VaPUC
008 100429e19850000SP |||||||||||||||||spa|d
020 |a 847432226X 
082 0 4 |a 530  |b LES  |2 21 
100 |a LeShan, Lawrence  |e author  |9 549169 
700 |a Margenau, Henry  |e autor  |9 549170 
245 1 3 |a El espacio de Einstein y el cielo de Van Gogh 
250 |a 1a. ed 
300 |a 257 p 
942 |c BK 
945 |d 20100429 00:00:00  |a cmena 
260 |a Barcelona  |b Gedisa  |c 1985 
600 0 |a Einstein, Albert   |e autor  |9 266229 
600 0 7 |a VAN GOGH, VINCENT  |2 CL-VaPUC  |9 549171 
650 0 |a Física   |9 227844 
650 0 |a Filosofía de las ciencias  |9 256466 
650 0 |a Teoría del conocimiento   |9 255038 
650 0 |a Ciencias sociales   |9 256351 
650 0 |a Conciencia  |9 309452 
650 0 |a Epistemología   |9 264994 
650 0 |a Naturaleza humana   |9 308593 
650 0 |a Investigación científica  |9 259857 
583 |a last modification  |c 20100429 00:00:00  |k Rodrigo Vera 
490 0 |a Colección Límites de la Ciencia 
999 |c 340707  |d 340705 
952 |0 0  |1 0  |4 0  |6 530_000000000000000_LES_1985  |7 0  |8 C  |9 435678  |a BIBCUR  |b BIBCUR  |d 2019-11-22  |i 4670868  |o 530 LES 1985  |p 4670868  |r 2025-04-22  |w 2019-11-22  |y BK  |k EXP